书目信息 |
| 题名: |
管线探测
|
|
| 作者: | 高绍伟 , 刘博文 主编 | |
| 分册: | ||
| 出版信息: | 北京 测绘出版社 2011.07 |
|
| 页数: | 153页 | |
| 开本: | 26cm | |
| 丛书名: | ||
| 单 册: | ||
| 中图分类: | TU990.3 | |
| 科图分类: | ||
| 主题词: | 地下管道 , 市政工程--地下管道--探测--职业大学--教材 , 市政工程 | |
| 电子资源: | ||
| ISBN: | 978-7-5030-2315-6 | |
| 000 | 01137nam0 2200313 450 | |
| 001 | 1263201851 | |
| 005 | 20120107173349.32 | |
| 010 | @a978-7-5030-2315-6@dCNY28.00 | |
| 090 | @aTU990.3@bgsw | |
| 096 | @aTU990.3@bgsw | |
| 100 | @a20111018d2011 em y0chiy50 ea | |
| 101 | 0 | @achi |
| 102 | @aCN@b110000 | |
| 105 | @aa z 000yy | |
| 200 | 1 | @a管线探测@b专著@dPipelines and cables surveying@f高绍伟,刘博文主编@zeng@9guan xian tan ce |
| 210 | @a北京@c测绘出版社@d2011.07 | |
| 215 | @a153页@c图@d26cm | |
| 300 | @a工程测量技术专业项目教学教材 | |
| 300 | @a国家示范性高等职业院校建设项目 | |
| 330 | @a本书以工学结合、任务驱动、情境导人为教学理念,融入物探和测量技术编写而成。主要内容包括地下管线调查和探测、管线的测量外业和管线数据处理与图形编绘等三个学习情境。 | |
| 510 | 1 | @aPipelines and cables surveying@zeng |
| 606 | 0 | @a地下管道 |
| 606 | 0 | @a市政工程@x地下管道@x探测@x职业大学@j教材 |
| 606 | 0 | @a市政工程 |
| 690 | @aTU990.3@v4 | |
| 701 | 0 | @a高绍伟@4主编@9gao shao wei |
| 701 | 0 | @a刘博文@c(工程师)@4主编@9liu bo wen |
| 801 | 0 | @aCN@b大连网信软件有限公司图书馆·11@c20120107 |
| 905 | @aZUCC@dTU990.3@eG177 | |
| 管线探测=Pipelines and cables surveying/高绍伟,刘博文主编.-北京:测绘出版社,2011.07 |
| 153页:图;26cm |
| 工程测量技术专业项目教学教材.-国家示范性高等职业院校建设项目 |
| ISBN 978-7-5030-2315-6:CNY28.00 |
| 本书以工学结合、任务驱动、情境导人为教学理念,融入物探和测量技术编写而成。主要内容包括地下管线调查和探测、管线的测量外业和管线数据处理与图形编绘等三个学习情境。 |
| ● |
| 相关链接 |
|
|
|
正题名:管线探测
索取号:TU990.3/G177
 
预约/预借
| 序号 | 登录号 | 条形码 | 馆藏地/架位号 | 状态 | 备注 |
| 1 | 480737 | 204807370 | 市政与环境工程学院资料室/101建筑库 94排1列3层/ [索取号:TU990.3/G177] | 在馆 | |
| 2 | 480738 | 204807389 | 市政与环境工程学院资料室/101建筑库 94排1列3层/ [索取号:TU990.3/G177] | 在馆 | |
| 3 | 480739 | 204807398 | 建筑库201/201建筑库 125排2列3层/ [索取号:TU990.3/G177] | 在馆 | |
| 4 | 480740 | 204807405 | 市政与环境工程学院资料室/101建筑库 94排1列3层/ [索取号:TU990.3/G177] | 在馆 |